quandale - Statistics

General Stats
  • This quiz has been taken 41 times
  • The average score is 3 of 6
Answer Stats
Hint Answer % Correct
quandale dingle
100%
fortnite battle pass
65%
what is the second smallest country by land area monaco
58%
which us state is florida in texas
29%
Two trains, Train A and Train B, simultaneously depart Station A and Station B. Station A and Station B are 252.5 miles apart from each other. Train A is moving at 124.7mph towards Station B, and Train B is moving at 253.5mph towards Station A. If both trains departed at 10:00AM and it is now 10:08, how much longer until both trains pass each other? 32.058 minutes
10%
if the which is the and, the which? what
6%
No matching quizzes found
Score Distribution
Percent of People with Each Score
Percentile by Number Answered
Your Score History
You have not taken this quiz